Manual de direito comercial (Record no. 130715)

MARC details
000 -LÍDER
campo de controle de tamanho fixo 00672 a2200205 4500
001 - NÚMERO DE CONTROLE
campo de controle 130715
020 ## - ISBN - INTERNATIONAL STANDARD BOOK NUMBER
ISBN - International Standard Book Number 85-02-02172-9
040 ## - FONTE DA CATALOGAÇÃO
Instituição que transcreveu o registro Leonardo Da Vinci
041 ## - CÓDIGO DE IDIOMA
Código do idioma do texto/trilha sonora ou título diferente Português
082 ## - CDD - CLASSIFICAÇÃO DECIMAL DE DEWEY
Número de Classificação 346.07 C616m
Número do exemplar C616m
100 ## - ENTRADA PRINCIPAL--NOME PESSOAL
Nome pessoal COELHO, Fábio Ulhoa
245 ## - TÍTULO
Título Manual de direito comercial
250 ## - EDIÇÃO
Edição 8.ed
260 ## - PUBLICAÇÃO, DISTRIBUIÇÃO, ETC.
Nome do editor, distribuidor, etc. Saraiva
Data da publicação, distribuição, etc. 1997
Local de publicação, distribuição, etc. São Paulo
300 ## - DESCRIÇÃO FÍSICA
Extensão 479
362 ## - DATAS DE PUBLICAÇÃO E/OU DESIGNAÇÃO SEQUENCIAL
Datas de publicação e/ou designação sequencial 19970000
500 ## - NOTA GERAL
Nota geral Edição revista e atualizada
697 ## - ENTRADA DE ASSUNTO LOCAL--ENTIDADE COLETIVA (RLIN)
Nome corporativo ou nome da jurisdição Direito
-- Direito Comercial
-- Legislação
-- Sociedade comercial
-- Câmbio
-- Direito cambiário
-- Direito falimentar
-- Falência
-- Propriedade industrial
-- Contratos
-- Contratos mercantis
-- Leis
-- Brasil
-- FIPEN
942 ## - ELEMENTOS DE ENTRADA ADICIONADOS (KOHA)
Tipo de material Koha Livros
Holdings
Situação do descarte Situação das perdas Situação física Não pode ser emprestado Biblioteca de origem Biblioteca atual Data de aquisição Total de empréstimos Número de chamada completo Código de barras Data de último acesso Data do preço efetivo Tipo de material Koha
        Leonardo Da Vinci - Osasco Leonardo Da Vinci - Osasco 27/03/2024   346.07 C616m O000368 27/03/2024 27/03/2024 Livros